000 01488nam a22003377a 4500
001 0009717
003 KOHA_MİRAKIL
005 20260207001719.0
007 ta
008 100709b2007 tu |||gr||||#0|||0|tur |
020 _a9754372780
040 _aTR-BiSEU
_btur
_cTR-BiSEU
_erda
041 0 _atur
044 _ctu
050 _aHM101
_b.O93 2007
100 1 _aÖzakpınar, Yılmaz.
245 1 _aKültür ve medeniyet üzerine denemeler/
_cYılmaz Özakpınar ; Yılmaz Özakpınar.
264 1 _aİstanbul :
_bÖtüken
_c2007
300 _a240 sayfa
336 _ametin
_btxt
_2rdacontent
337 _aaracısız
_bn
_2rdamedia
338 _acilt
_bnc
_2rdacarrier
490 1 _aÖtüken yayın no ;
_v417.
490 1 _aKültür Serisi ;
_v147.
505 _aYazarın farklı zaman ve yerlerde yayınlansa da aynı medeniyet teorisi çerçevesinde birleşen yazılarıdır. Millî ve insanî meseleler tahlil edilir. İnsanın bir aileye mensup olmasının bir millete mensup olmasına engel olmaması gibi, bir millete mensup olmasının insanlığı içinde duymasına engel olmadığı vurgulanır. Hakikat birdir ve bireyi, aileyi, milleti ve insanlığı kuşatır. Denemeler, yazarın, bu temayı, psikolojik, sosyal ve felsefî planda açıklığa kavuşturma çabalarının ürünüdür.
_x
650 0 _aKültür.
_99654
830 1 _aÖtüken yayın no ;
_v417.
_912230
830 1 _aKültür Serisi ;
_v147.
_96554
907 _aDeneme
942 _2lcc
_cBK
999 _c9689
_d9689